000
00276nam a22001097a 4500
005
20251108175937.0
008
250721s9999 xx 000 0 ara d
100
1
_a
مناع, هيثم
245
1
0
_a
سلامة النفس و الجسد /
942
_2
ddc
_c
BK
999
_c
146083
_d
146083